Environmental Pollution (Record no. 596902)

MARC details
000 -LEADER
fixed length control field 00394nam a2200145Ia 4500
008 - FIXED-LENGTH DATA ELEMENTS--GENERAL INFORMATION
fixed length control field 100415s9999 xx 000 0 und d
082 ## - DEWEY DECIMAL CLASSIFICATION NUMBER
Item number 13988
Classification number 614.7
100 ## - MAIN ENTRY--PERSONAL NAME
Personal name Srivastava Yogendra N
245 ## - TITLE STATEMENT
Title Environmental Pollution
260 ## - PUBLICATION, DISTRIBUTION, ETC. (IMPRINT)
Place of publication, distribution, etc NEW DELHI
Date of publication, distribution, etc 1995
Name of publisher, distributor, etc ASHISH PUBLISHING HOUSE
365 ## - TRADE PRICE
Price amount 0
630 ## - SUBJECT ADDED ENTRY--UNIFORM TITLE
Uniform title Environmental Pollution
730 ## - ADDED ENTRY--UNIFORM TITLE
Uniform title Environmental Pollution
942 ## - ADDED ENTRY ELEMENTS (KOHA)
Koha item type Book
Holdings
Withdrawn status Lost status Damaged status Not for loan Home library Current library Date acquired Cost, normal purchase price Total Checkouts Full call number Barcode Date last seen Price effective from Koha item type
        Bombay Natural History Society Bombay Natural History Society 04/17/1998 0.00   614.7 13988 BNHS-13988 04/15/2010 04/15/2010 Book